Normal view
MARC view
- Lammoglia Ruiz, Ernesto Humberto,
Entry Nombre Personal
001 - NUMERO DE CONTROL
- campo de control: 42431
003 - IDENTIFICADOR DE NUMERO DE CONTROL
- campo de control: UPN
005 - FECHA Y HORA DE LA ÜLTIMA TRANSACCIÓN
- campo de control: 20210219194619.0
008 - DATOS DE LONGITUD FIJA
- campo de control de longitud fija: nabaccnnaabn|||||||||| b |nc|||||d
035 ## - NUMERO DE CONTROL
- Número de control: UPN11000014538
040 ## - FUENTE DE CATALOGACIÓN
- Lenguaje de catalogación: SPA
- Agencia de transcripción: UPN
100 1# - ENCABEZAMIENTO - NOMBRE PERSONAL
- Nombre personal: Lammoglia Ruiz, Ernesto Humberto,
- Fechas asociadas con el nombre: 1940-
400 1# - VEÁSE - NOMBRE DE PERSONA
- Personal name: Lammoglia, Ernesto,
- Dates associated with a name: 1940-
400 0# - VEÁSE - NOMBRE DE PERSONA
- Personal name: Doctor Lammoglia,
- Dates associated with a name: 1940-
670 ## - FUENTE EN LA QUE SE LOCALIZARON DATOS
- Cita de la fuente: T
- Uniform Resource Identifier: https://biblioteca-virtual.fandom.com/es/wiki/Ernesto_Lammoglia
680 ## - NOTA PUBLICA DE ACCESO PÚBLICO
- Frase explicativa de la referencia: Médico psiquiatra, escritor y comunicador mexicano. Popularmente conocido como Dr. Lammoglia. Su labor, a través de programas de radio, televisión y libros, fue pionera en la difusión y concientización respecto a los problemas sociales, familiares, de pareja, violencia intrafamiliar y equidad de género. También ha emprendido esfuerzos a nivel local en la expansión del movimiento 24 horas Alcohólicos Anónimos y de los grupos Al-Anon para ayuda a familiares de alcohólicos
902 ## - CATALOGADOR
- Catalogador: EMR/210319
